| 000 | 00532nam a2200193 u 4500 | ||
|---|---|---|---|
| 005 | 20240803063804.0 | ||
| 008 | 100519s2008 es r 000 0 spa d | ||
| 020 | _a9788466776646 | ||
| 035 | _aUPN01000175951 | ||
| 049 | _aCG | ||
| 050 | 4 |
_aPQ6653 C3.7 _bP3 |
|
| 100 | 1 |
_aCasalderrey Fraga, Fina, _d1951- _931026 |
|
| 245 | 1 | 3 |
_aLa paloma y el degollado / _cFina Casalderrey. |
| 260 |
_aMadrid : _bAnaya, _c2008. |
||
| 300 | _a159 p. | ||
| 440 | 0 |
_aEspacio abierto ; _v129 |
|
| 650 | 4 |
_aNovela espaƱola _910814 |
|
| 905 | _aLibro | ||
| 999 |
_c148054 _d148054 |
||